Matematičeskije metody regional'nogo programmirovanija

Na minha lista:
Detalhes bibliográficos
Autor principal: Chačaturov, Vladimir Rubenovič
Formato: Livro
Idioma:russo
Publicado em: Moskva Nauka 1989
Edição:1. izd.
Colecção:Ekonomiko-matematičeskaja biblioteka
Tags: Adicionar Tag
Sem tags, seja o primeiro a adicionar uma tag!

MARC

LEADER 00000nam a2200000 4500
001 c039186
005 20221215135545.1
041 0 |a rus 
044 |a RU 
245 1 0 |a Matematičeskije metody regional'nogo programmirovanija  |c Vladimir Rubenovič Chačaturov 
250 |a 1. izd. 
264 1 |a Moskva  |b Nauka  |c 1989 
300 |a 296 s. 
490 1 |a Ekonomiko-matematičeskaja biblioteka 
830 0 |a Ekonomiko-matematičeskaja biblioteka 
100 1 |a Chačaturov, Vladimir Rubenovič